Normal view
MARC view
Entry Topical Term
001 - CONTROL NUMBER
- control field: 260293
003 - CONTROL NUMBER IDENTIFIER
- control field: OSt
005 - DATE AND TIME OF LATEST TRANSACTION
- control field: 20260406143221.0
008 - FIXED-LENGTH DATA ELEMENTS
- fixed length control field: 260406|| aca||aabn | a|a d
040 ## - CATALOGING SOURCE
- Original cataloging agency: OSt
- Transcribing agency: OSt
150 ## - HEADING--TOPICAL TERM
- Topical term or geographic name entry element: Hindi Criticism
670 ## - SOURCE DATA FOUND
- Source citation: Work cat.: (OSt)101110: SHARM (Krashndev) Env AGRVAL (Maya). शर्मा (कृष्णदेव) अग्रवाल (माया) 260292, Saket., 1998